|
|
|
|
| LEADER |
01094nam a2200289 a 4500 |
| 001 |
27310 |
| 005 |
20130805144733.0 |
| 008 |
130805s2000 enk b 001 0 eng d |
| 010 |
|
|
|a 99076343
|
| 020 |
|
|
|a 9780754611196
|
| 020 |
|
|
|a 0754611191
|
| 040 |
|
|
|a UKM
|c UKM
|d GZM
|d DGU
|d DLC
|d BD-DhAAL
|
| 050 |
0 |
0 |
|a JA75.8
|b .W47 2000
|
| 082 |
0 |
0 |
|a 320.5
|2 21
|
| 100 |
1 |
|
|a Wells, David
|q (David Alan)
|9 2604
|
| 245 |
1 |
4 |
|a The political ecologist /
|c David Wells, Tony Lynch.
|
| 260 |
|
|
|a Aldershot ;
|a Brookfield, Vt. :
|b Ashgate,
|c c2000.
|
| 300 |
|
|
|a v, 148 p. ;
|c 22 cm.
|
| 504 |
|
|
|a Includes bibliographical references (p. 143-144) and index.
|
| 541 |
|
|
|e 27310
|
| 650 |
|
0 |
|a Political ecology
|z Great Britain.
|9 2605
|
| 650 |
|
0 |
|a Environmentalism
|z Great Britain.
|9 2606
|
| 650 |
|
0 |
|a Green movement
|x Political aspects
|z Great Britain.
|9 2607
|
| 700 |
1 |
|
|a Lynch, Tony,
|d 1960-
|9 2608
|
| 942 |
|
|
|2 ddc
|c BK
|
| 999 |
|
|
|c 13833
|d 13833
|
| 952 |
|
|
|0 0
|1 0
|2 ddc
|4 0
|6 320_500000000000000_WEL
|7 0
|9 23145
|a IGS
|b IGS
|c GEN
|d 2013-08-05
|e Karim International
|g 7990.00
|l 0
|o 320.5 WEL
|p 3010027310
|r 2013-08-05
|t 1
|w 2013-08-05
|y BK
|